Finančné aspekty stability v nefinančnom podniku diplomová práca

Uložené v:
Podrobná bibliografia
Hlavný autor: Rajčanová, Simona
Korporativný autor: Fakulta podnikového manažmentu EU. Katedra podnikových financií
Ďalší autori: Kubranová, Magdaléna, 1956-
Médium: Kniha
Jazyk:Slovak
Vydavateľské údaje: Bratislava 2018
Tagy: Pridať tag
Žiadne tagy, Buďte prvý, kto otaguje tento záznam!

MARC

LEADER 00000nbm a2200000 4500
001 0244817
005 20181001111325.5
041 0 |a slo 
044 |a SK 
245 1 0 |a Finančné aspekty stability v nefinančnom podniku  |b diplomová práca  |c Simona Rajčanová ; školiteľ: Magdaléna Kubranová 
264 1 |a Bratislava  |c 2018 
300 |a 68 s. 
100 1 |a Rajčanová, Simona 
700 1 |a Kubranová, Magdaléna, 1956- 
710 2 |a Fakulta podnikového manažmentu EU. Katedra podnikových financií